| 000 | 00371 a2200169 4500 | ||
|---|---|---|---|
| 001 | 72424 | ||
| 020 | _a8573387769 | ||
| 040 | _cAnchieta - Colégio São Paulo | ||
| 100 | _aAndrade, Tiago de Melo | ||
| 240 | 1 | 0 |
_aO espelho Olmeca _lpor |
| 245 | 1 | 0 | _aO espelho Olmeca |
| 300 | _a60 | ||
| 362 | 0 | _a2003 | |
| 440 | 1 | _aDCL | |
| 650 | 4 | _aLiteratura juvenil | |
| 942 | _cBK | ||
| 999 |
_c72424 _d72424 |
||